LIBRARY & INFORMATION CENTRE, KCAET, TAVANUR

ONLINE PUBLIC ACCESS CATALOGUE (OPAC)

Normal view MARC view
  • Vishnu B. (Guide)

Entry Personal Name

Number of records used in: 3

001 - CONTROL NUMBER

  • control field: 3219

003 - CONTROL NUMBER IDENTIFIER

  • control field: OSt

005 - DATE AND TIME OF LATEST TRANSACTION

  • control field: 20180725154630.0

008 - FIXED-LENGTH DATA ELEMENTS

  • fixed length control field: 180725|| aca||aabn | a|a d

040 ## - CATALOGING SOURCE

  • Original cataloging agency: OSt
  • Transcribing agency: OSt

100 ## - HEADING--PERSONAL NAME

  • Personal name: Vishnu B. (Guide)

670 ## - SOURCE DATA FOUND

  • Source citation: Work cat.: (OSt): Linsha C.P Riyola George Sreeduth S. 3218, Development and evaluation of a tray type protected cultivation system for fodder crop, 2018
free website counter